书目信息 |
| 题名: |
聋儿康复教育训练实用方案
|
|
| 作者: | 李淑英 , 亓祥正 , 贾秀云 主编 | |
| 分册: | ||
| 出版信息: | 天津 天津教育出版社 2011 |
|
| 页数: | 342页 | |
| 开本: | 26cm | |
| 丛书名: | ||
| 单 册: | ||
| 中图分类: | G762.4 | |
| 科图分类: | ||
| 主题词: | 听力障碍--儿童--语言--教育康复 , 听力障碍 , 儿童 , 语言 , 教育康复 | |
| 电子资源: | ||
| ISBN: | 978-7-5309-6306-7 | |
| 000 | 01039nam0 2200301 450 | |
| 001 | 1574231560 | |
| 005 | 20150131203725.87 | |
| 010 | @a978-7-5309-6306-7@dCNY43.80 | |
| 100 | @a20110907d2011 em y0chiy50 ea | |
| 101 | 0 | @achi |
| 102 | @aCN@b120000 | |
| 105 | @aa z 000yy | |
| 200 | 1 | @a聋儿康复教育训练实用方案@9long er kang fu jiao yu xun lian shi yong fang an@f李淑英,亓祥正,贾秀云主编 |
| 210 | @a天津@c天津教育出版社@d2011 | |
| 215 | @a342页@c图@d26cm | |
| 300 | @a悠缘特教教育训练系列 | |
| 330 | @a本书以听觉语言康复为主线,将康复教育训练的内容以游戏及其他生活化方式呈现,主体部分介绍了听觉察知、听觉分辨、听觉识别、听觉理解康复训练方案。 | |
| 606 | 0 | @a听力障碍@x儿童@x语言@x教育康复 |
| 606 | 0 | @a听力障碍 |
| 606 | 0 | @a儿童 |
| 606 | 0 | @a语言 |
| 606 | 0 | @a教育康复 |
| 690 | @aG762.4@v5 | |
| 701 | 0 | @a李淑英@9li shu ying@c(女,特殊教育)@4主编 |
| 701 | 0 | @a亓祥正@9qi xiang zheng@c(特殊教育)@4主编 |
| 701 | 0 | @a贾秀云@9jia xiu yun@c(女)@4主编 |
| 801 | 0 | @aCN@bTSSF@c20150131 |
| 905 | @aZUCC@dG762.4@eJY1 | |
| 聋儿康复教育训练实用方案/李淑英,亓祥正,贾秀云主编.-天津:天津教育出版社,2011 |
| 342页:图;26cm |
| 悠缘特教教育训练系列 |
| ISBN 978-7-5309-6306-7:CNY43.80 |
| 本书以听觉语言康复为主线,将康复教育训练的内容以游戏及其他生活化方式呈现,主体部分介绍了听觉察知、听觉分辨、听觉识别、听觉理解康复训练方案。 |
| ● |
| 相关链接 |
|
|
|
|
正题名:聋儿康复教育训练实用方案
索取号:G762.4/JY1
 
预约/预借
| 序号 | 登录号 | 条形码 | 馆藏地/架位号 | 状态 | 备注 |
| 1 | 7846459 | 278464591 | 学院路分馆/ [索取号:G762.4/JY1] | 在馆 |